| 000 | 00963nas a2200313 4500 | ||
|---|---|---|---|
| 001 | BR0103334 | ||
| 003 | BR-BrBNA | ||
| 005 | 20231205102340.0 | ||
| 007 | ta | ||
| 008 | 230509b bl.|||p| |||| 00| 00por d | ||
| 040 |
_aBR-BrBNA _bpor _cBiblioteca Nacional de Agricultura |
||
| 041 | _a(Pt) | ||
| 072 | _aQ60 | ||
| 100 | 1 | _aSantana, J.C.F. de | |
| 100 | 1 | _aFreire, E.C. | |
| 100 | 1 | _aWanderley, M.J.R. | |
| 100 | 1 | _aSantana, J.C. da S. | |
| 100 | 1 | _aAndrade, F.P. de | |
| 100 | 1 | _aAndrade, J.E.O. de | |
| 245 | 1 | _aQualidade e tecnologia da fibra e do fio de linhagens de algodao de fibra colorida | |
| 650 | _aAlgodao | ||
| 650 | _aFibra Vegetal | ||
| 650 | _aMelhoramento Genetico Vegetal | ||
| 650 | _aCor | ||
| 650 | _aPropriedade Fisico-Quimica | ||
| 773 | 0 |
_tRevista de Oleaginosas e Fibrosas (Brazil) _xISSN 1415-6784 _g(Sep-Dec 1999), v. 3(3) p. 195-200 _wBR0103334 |
|
| 909 |
_a202311 _bLúcia _c55 _dLúcia Elande |
||
| 942 |
_2AGRIS _n0 _cANA |
||
| 999 |
_c167111 _d167111 |
||